Datum a čas kvízu

27 Celkem bodů Celkový počet nahraných bodů na tomto kvízu bez doplňovacích otázek.
4. Pořadí na kvízu Konečné umístění týmu na tomto kvízu.

Zaznamenané odpovědi

# Otázka Odpověď Body Výsledky
1. Jiří Kadeřávek, jeden ze zakla... Piráti 1
2. Minulý týden byla zvolena před... z Malty 0
3. Minulý týden byla představena... Apple 0
4. Česká vláda ve středu rozhodla... KHNP 0
5. V neděli skončil 111. ročník T... Tadej Pogačar 1
6. Na hudební téma Přátelství z m... v 18. století 1
7. Ve které filmové sérii se obje... Toy Story: Příběh hraček 0
8. Zprovoznění sociální sítě Face... B 1
9. Kterým slovem na F označují če... frazém 0
10. V románu Bylo nás pět vzpomíná... Ota (Otakárek) 0